Domaszék szőlőtermesztése
Elmentve itt :
| Szerző: | |
|---|---|
| További közreműködők: | |
| Dokumentumtípus: | Szakdolgozat |
| Megjelent: |
1963
|
| Tárgyszavak: | |
| Online Access: | http://diploma.bibl.u-szeged.hu/82345 |
| LEADER | 00548nta a2200157 i 4500 | ||
|---|---|---|---|
| 001 | dipl82345 | ||
| 005 | 20200623094535.0 | ||
| 008 | 200420s1963 hu om 0|| zxx d | ||
| 040 | |a SZTE Diploma Repozitórium |b hun | ||
| 041 | |a zxx | ||
| 100 | 1 | |a Hegyvári Ferencné | |
| 245 | 1 | 0 | |a Domaszék szőlőtermesztése |h [elektronikus dokumentum] / |c Ferencné Hegyvári |
| 260 | |c 1963 | ||
| 650 | 4 | |a Pedagógusképzés | |
| 700 | 1 | |a Végh Joachimné |e ths | |
| 856 | 4 | 0 | |u http://diploma.bibl.u-szeged.hu/id/eprint/82345/1/itt_0690_1962_hegyvari_ferencne.pdf |z Dokumentum-elérés |